[Event "Sao Paulo op-B 3rd"]
[Site "Sao Paulo"]
[Date "2015.09.19"]
[Round "4"]
[White "Florencio da Silva, Yuri Matos"]
[Black "Moura de Lima, Wilian Rither De"]
[Result "1/2-1/2"]
[WhiteElo "2047"]
[BlackElo "1960"]
[PlyCount "66"]
[EventDate "2015.09.17"]
[EventType "swiss"]
[EventRounds "6"]
[EventCountry "BRA"]
[SourceTitle "EXT 2016"]
[Source "ChessBase"]
[SourceDate "2015.10.08"]
[SourceVersion "1"]
[SourceVersionDate "2015.10.08"]
[SourceQuality "1"]

1. c4 c6 2. Nf3 Nf6 3. b3 d5 4. e3 Bf5 5. Nc3 e6 6. Be2 Nbd7 7. 0-0 h6 8. Re1 Be7 9. Bb2 0-0 10. Bf1 Nc5 11. d4 Nce4 12. a3 Bd6 13. h3 Nxc3 14. Bxc3 Ne4 15. Bb2 Qf6 16. b4 Rac8 17. Rc1 g5 18. g4 Bg6 19. Qe2 Qg7 20. Ne5 f5 21. f3 Ng3 22. Qg2 Nxf1 23. Rxf1 Bxe5 24. dxe5 f4 25. cxd5 exd5 26. Rfe1 Rce8 27. Qd2 Re6 28. b5 Qf7 29. bxc6 bxc6 30. Qd4 fxe3 31. Rxe3 Qf4 32. Qxf4 Rxf4 33. Rec3 Be8 1/2-1/2

[Event "Sao Paulo op-B 3rd"]
[Site "Sao Paulo"]
[Date "2015.09.19"]
[Round "3"]
[White "Moura de Lima, Wilian Rither De"]
[Black "Vieira, Alexandre Letizio"]
[Result "1-0"]
[WhiteElo "1960"]
[BlackElo "1847"]
[PlyCount "45"]
[EventDate "2015.09.17"]
[EventType "swiss"]
[EventRounds "6"]
[EventCountry "BRA"]
[SourceTitle "EXT 2016"]
[Source "ChessBase"]
[SourceDate "2015.10.08"]
[SourceVersion "1"]
[SourceVersionDate "2015.10.08"]
[SourceQuality "1"]

1. e4 c5 2. c3 Nf6 3. e5 Nd5 4. d4 e6 5. Nf3 cxd4 6. cxd4 d6 7. Bc4 Nc6 8. 0-0 dxe5 9. dxe5 Be7 10. Qe2 Qc7 11. Re1 0-0 12. Nc3 Nxc3 13. bxc3 Rd8 14. Qe4 Bd7 15. Ng5 g6 16. Qh4 h5 17. Qf4 Rf8 18. Bd3 Be8 19. Qg3 Kg7 20. Bxg6 Bxg5 21. Bxh5 Ne7 22. Qxg5+ Ng6 23. Qf6+ 1-0

[Event "Sao Paulo Cordioli Memorial"]
[Site "Sao Paulo"]
[Date "2015.09.07"]
[Round "6"]
[White "Moura de Lima, Wilian Rither De"]
[Black "Brito, Luismar Jorge"]
[Result "1/2-1/2"]
[WhiteElo "1960"]
[BlackElo "2241"]
[PlyCount "61"]
[EventDate "2015.09.05"]
[EventType "swiss"]
[EventRounds "6"]
[EventCountry "BRA"]
[SourceTitle "EXT 2024"]
[Source "ChessBase"]
[SourceDate "2023.10.10"]
[SourceVersion "1"]
[SourceVersionDate "2023.10.10"]
[SourceQuality "1"]

1. e4 c5 2. c3 Nf6 3. e5 Nd5 4. d4 d6 5. Nf3 Nc6 6. Bc4 dxe5 7. Nxe5 Nxe5 8. dxe5 e6 9. Qe2 a6 10. a4 Bd7 11. 0-0 Bc6 12. f4 Nb6 13. Rd1 Qh4 14. Bb3 c4 15. Bc2 Bc5+ 16. Kh1 0-0 17. Na3 Rad8 18. Rf1 Rd3 19. Bxd3 cxd3 20. Qxd3 Rd8 21. Qe2 Nxa4 22. Nc4 Bb5 23. Rxa4 Bxa4 24. b4 Bf8 25. Na5 Rd7 26. Qa2 b5 27. Nc4 Qh5 28. Nb6 Rd1 29. Qf2 Bc2 30. Rxd1 Qxd1+ 31. Qg1 1/2-1/2

[Event "Sao Paulo Cordioli Memorial"]
[Site "Sao Paulo"]
[Date "2015.09.06"]
[Round "4"]
[White "Gallo Ponce, Elbert"]
[Black "Moura de Lima, Wilian Rither De"]
[Result "0-1"]
[WhiteElo "2242"]
[BlackElo "1960"]
[PlyCount "110"]
[EventDate "2015.09.05"]
[EventType "swiss"]
[EventRounds "6"]
[EventCountry "BRA"]
[SourceTitle "EXT 2016"]
[Source "ChessBase"]
[SourceDate "2015.10.08"]
[SourceVersion "1"]
[SourceVersionDate "2015.10.08"]
[SourceQuality "1"]

1. g3 d5 2. Bg2 Nf6 3. Nf3 g6 4. c4 c6 5. b3 Bg7 6. Bb2 0-0 7. 0-0 Re8 8. Qc2 Bg4 9. Ne5 Bxe2 10. Re1 Bg4 11. Nxg4 Nxg4 12. d4 e6 13. Nd2 Nd7 14. Re2 Qb6 15. c5 Qc7 16. Rae1 b6 17. b4 a5 18. a3 axb4 19. axb4 bxc5 20. bxc5 Ra2 21. Ra1 Rea8 22. Rxa2 Rxa2 23. Qb3 Qa7 24. Bc3 Qa3 25. Qxa3 Rxa3 26. Bb2 Ra2 27. Nb3 Nh6 28. Nc1 Ra4 29. Rd2 Nf5 30. Ne2 Rc4 31. Bh3 Bh6 32. f4 Bg7 33. g4 Ne3 34. Kf2 Nc2 35. Bc3 Na3 36. Bb2 Nb5 37. f5 Nf6 38. fxe6 Ne4+ 39. Ke1 fxe6 40. Rd1 Rc2 41. Ba1 Rxe2+ 42. Kxe2 Nbc3+ 43. Bxc3 Nxc3+ 44. Kd2 Nxd1 45. Kxd1 Bxd4 46. Bf1 Bxc5 47. Ba6 Bd6 48. Bb7 c5 49. h4 h5 50. gxh5 gxh5 51. Ba6 c4 52. Ke2 Be7 53. Ke3 Bxh4 54. Kd4 Bf6+ 55. Kc5 Be5 0-1

[Event "Sao Paulo Cordioli Memorial"]
[Site "Sao Paulo"]
[Date "2015.09.05"]
[Round "1"]
[White "Shpaisman, Andre Soihet"]
[Black "Moura de Lima, Wilian Rither De"]
[Result "0-1"]
[WhiteElo "1758"]
[BlackElo "1960"]
[PlyCount "64"]
[EventDate "2015.09.05"]
[EventType "swiss"]
[EventRounds "6"]
[EventCountry "BRA"]
[SourceTitle "EXT 2016"]
[Source "ChessBase"]
[SourceDate "2015.10.08"]
[SourceVersion "1"]
[SourceVersionDate "2015.10.08"]
[SourceQuality "1"]

1. e4 c6 2. d4 d5 3. e5 Bf5 4. Bd3 Bxd3 5. Qxd3 e6 6. f4 Qa5+ 7. Bd2 Qa6 8. Qxa6 Nxa6 9. Nf3 Nh6 10. Nc3 Be7 11. 0-0-0 c5 12. Nb5 0-0 13. h3 Nf5 14. g4 Ng3 15. Rh2 Nb4 16. a3 Nc6 17. dxc5 Bxc5 18. Nc3 Rfe8 19. Ng5 h6 20. Be1 Nf1 21. Rh1 Ne3 22. Rd3 hxg5 23. Bf2 gxf4 24. Re1 Nxe5 25. Kd2 N3c4+ 26. Ke2 Bxf2 27. Kxf2 Nxd3+ 28. cxd3 Nxb2 29. Ke2 Rac8 30. Kd2 Rc6 31. Rc1 Rec8 32. Rc2 Na4 0-1